| 000 | 00798cam a22002651a 4500 | ||
|---|---|---|---|
| 001 | 7633 | ||
| 003 | BD-RjUL | ||
| 005 | 20211208234441.0 | ||
| 008 | 110115s19691967nyua b 001 0 eng | ||
| 035 | _a(BD-RjUL)7677 | ||
| 035 | _a2052450 | ||
| 040 |
_aLC _beng _cLC _dLC _dBD-RjUL |
||
| 041 | _aeng | ||
| 082 | 0 | 0 |
_a519 _bEPT 1969 |
| 100 | 1 |
_aEpstein, Richard A., _d1927- _923801 |
|
| 245 | 1 | 4 |
_aThe theory of gambling and statistical logic / _cRichard A. Epstein. |
| 260 |
_aNew York : _bAcademic Press, _cc1967 [Printing 1969]. |
||
| 300 |
_axiii, 492 p. : _billus. ; _c25 cm. |
||
| 504 | _aIncludes bibliographies and index. | ||
| 650 | 0 |
_aGames of chance (Mathematics). _923802 |
|
| 650 | 0 |
_aStatistical decision. _923803 |
|
| 942 |
_2ddc _cBK |
||
| 999 |
_c7633 _d7633 |
||